000
00322nam a22001337a 4500
008
181031b xxu||||| |||| 00| 0 eng d
020
_a
0397506651
041
_a
eng
080
_a
616.12
100
_a
6
101
_a
KAR
245
_a
How to quickly and Accurately Master ECK Interpretation
_c
Davis, D
942
_2
udc
_c
BK
999
_c
51371
_d
51371